| 000 | 00462nam a2200157Ia 4500 | ||
|---|---|---|---|
| 005 | 20240823065852.0 | ||
| 008 | 240823s9999||||xx |||||||||||||| ||und|| | ||
| 041 | _aENGLISH | ||
| 082 | _A004.6782 Q7 | ||
| 100 | _a"Sabarish,K" | ||
| 245 | 0 | _aMobile Governance:Leveraging Mobile Technologies for Transforming the Electronic Delivery of Public Services | |
| 260 | _c2017 | ||
| 500 | _aYES | ||
| 650 |
_aMobile Governance _bComputer Applications |
||
| 942 | _cTH | ||
| 999 |
_c244391 _d244391 |
||